000 00545nam a2200205Ia 4500
005 20260429112118.0
008 260429s9999||||xx |||||||||||||| ||und||
020 _a9781032037370
041 _aEnglish
082 _a330.122
_bBER
100 _aBertrand, Elodie
245 0 _aRoutledge handbook of commodification /
_cElodie Bertrand
250 _a1st ed.
260 _aLondon :
_bRoutledge,
_c2024.
300 _axxxi, 436 p.; hb
650 _a Non-human nature
650 _aCommodification
700 _a Panitch, Vida
942 _cTB
999 _c52408
_d52408